| 000 | 00497nam a2200181Ia 4500 | ||
|---|---|---|---|
| 001 | 8552 | ||
| 005 | 20260306160618.0 | ||
| 008 | 260306t2011||||xx |||||||||||||| ||spa|| | ||
| 041 | _aESP | ||
| 082 |
_a371.1022 _bC93 |
||
| 100 |
_aCuadrado Gordillo, Isabel _eAUT |
||
| 245 | 0 |
_aLa comunicación eficaz con los alumnos: _bfactores personales, contextuales y herramientas TIC |
|
| 260 | _c2011 | ||
| 300 |
_a387 pƔginas : _c24 cm. |
||
| 650 | _aGEN | ||
| 654 | _aCED | ||
| 942 |
_cLIB _dJUS _fJUS _2ddc _n |
||
| 999 |
_c8552 _d8552 |
||